000 01408nam a22003977a 4500
003 CHAP
005 20220329141601.0
008 971013s1982 r 00010 d
010 _a70518
011 _a71490
035 _a81044
040 _cCHAP
090 _aTesis
100 0 0 _aCharles, Leo Jacques.
_921970
245 _aRespuesta del frijol (Phaseolus vulgaris L.) a la fertilización (N,P) bajo diferentes gradientes de potencial osmótico
260 _aChapingo, Méx. :
_bEl autor,
_c1982
300 _a144 h.
_b: gráfs.
502 _aTesis (Ing. Agr. Esp. en Suelos) -- UACH. Departamento de Suelos
590 _aALEPH
_b10
_c20130110
_lUCH01
_h1410
590 _aBATCH-UPD
_b10
_c20130110
_lUCH01
_h0227
590 _aBATCH-UPD
_b10
_c20130110
_lUCH01
_h1203
590 _aBATCH-UPD
_b10
_c20130409
_lUCH01
_h2250
590 _aBATCH-UPD
_b10
_c20130914
_lUCH01
_h0919
590 _aCONVERSION
_b10
_c20130109
_lUCH01
_h1339
650 1 4 _aFertilizantes
_xEfecto en frijol.
_940511
650 1 4 _aFósforo
_xEfecto en frijol.
_942235
650 1 4 _aNitrógeno
_xEfecto en frijol.
_981436
650 1 4 _aOsmosis.
_984198
650 1 4 _aSuelos y cultivos.
_9110571
650 1 4 _aSuelos
_xHumedad.
_9110391
901 _aBK
942 _cFOLL
949 _bBC
_cTES
_d-34187
_eTS1
_i81044
_si
949 _bBC
_cTES
_d-34189
_eTS2
_fc.3
_h22059
_i81044
_si
949 _bBC
_cTES
_d33724000629747
_eTS2
_fc.2
_i81044
_si
999 _c70518
_d70518